000 01108cam a2200337 i 4500
999 _c65128
_d65128
001 768714001
003 CO-MdFUSB
005 20190801160001.0
008 100805t20112011miu g b 000 0 eng
010 _a2010033473
020 _a9780801072758 (pbk.)
020 _a0801072751 (pbk.)
040 _aDLC
_cCO-MdFUSB
_dDLC
_dUtOrBLW
_bspa
_erda
041 _aeng
082 _224
_aG 239.7
_bC781i
100 1 _aCopan, Paul.
_eautor
245 1 0 _aIs God a moral monster?
_b: making sense of the Old Testament God
_c/ Paul Copan.
264 1 _aGrand Rapids, Michigan :
_bBaker Books,
_c℗[2011]
264 4 _c©2011.
300 _a252 páginas ;
_c23 cm.
336 _2rdacontent.
_atexto
_btxt
337 _2rdamedia.
_asin mediación
_bn
338 _2rdacarrier.
_avolumen
_bnc
505 _aNeo-ateismo -- Dios: ¿Maestro gracioso o monstruo moral? -- La vida en el antiguo Cercano Oriente y en Israel -- Afilando el enfoque moral
563 _aRústico
650 7 _aApologética
_9187
942 _cBK
945 _aANF-558